| 000 | 01312nam a2200349 a 4500 | ||
|---|---|---|---|
| 001 | 000113061 | ||
| 003 | CHAP | ||
| 005 | 20220329144336.0 | ||
| 008 | 170403s2016 mx sm |||||||spa d | ||
| 010 | _a109522 | ||
| 011 | _a110494 | ||
| 040 | _cCHAP | ||
| 090 | _aTesis | ||
| 100 | 1 |
_aBriano Ramos, Eustaquio _9131865 |
|
| 245 | 1 | 0 |
_aFosfito de potasio en el control de plagas y enfermedades en lechuga (Lactuca sativa L.) en la Región de Texcoco, México _h[En línea] _cpor Eustaquio Briano Ramos y Ponce Méndez Dolores. |
| 260 |
_aChapingo, Méx. : _bEl autor, _c2016. |
||
| 500 | _aPara ver el contenido del material haga clic en la liga | ||
| 502 | _aTesis (Ing. Agr. Esp. en Suelos) -- UACH. Departamento de Enseñanza Investigación y Servicio en Suelos | ||
| 590 |
_aBATCH _b00 _c20181121 _lUCH01 _h0759 |
||
| 590 |
_aE5765TAJ _b05 _c20170403 _lUCH01 _h0907 |
||
| 590 |
_aE5765TAJ _b05 _c20170403 _lUCH01 _h0907 |
||
| 650 | 1 | 4 |
_aControl de plagas. _927595 |
| 650 | 1 | 4 |
_aLechuga _xEnfermedades. _965458 |
| 650 | 1 | 4 |
_aLechuga _xPlagas. _965470 |
| 650 | 1 | 4 |
_aPotasio _xEfecto en lechuga. _991100 |
| 700 | 1 |
_aPonce Méndez, Dolores _9131866 |
|
| 856 |
_a1 _n0001030 |
||
| 856 |
_aFinding aid _uhttp://10.13.5.2/tesis/sist113061.pdf _zTeclea aquí |
||
| 901 | _aBK | ||
| 942 | _cTESIS | ||
| 942 | _n0 | ||
| 999 |
_c109522 _d109522 |
||